| 000 | 00789npc a2200217Ia 4500 | ||
|---|---|---|---|
| 001 | conv14-39715 | ||
| 003 | IT-MiCISF | ||
| 008 | 161014s9999||||xx | und|| | ||
| 040 |
_aIT-MiCISF _cIT-MiCISF |
||
| 041 | _ait | ||
| 100 | _aCasetti Francesco | ||
| 245 | 0 | _aI media in famiglia: un rischio e una ricchezza | |
| 250 | _a1a ed. | ||
| 260 |
_aRoma _bConferenza Episcopale Italiana _c2004 |
||
| 300 | _as.i. | ||
| 500 | _apromosso da Ufficio Nazionale per le Comunicazioni Sociali e Ufficio Nazionale per la Pastorale della Famiglia. Rolle I., Cappello G., Milone M., Borgomeo L., Salizzoni C., Manna E., Nicoletti G., Melina L., Eugeni R., Menichelli E., Giuliodori C., Fabris | ||
| 650 | _amass-media | ||
| 700 | _aAA.VV. | ||
| 942 | _cDD | ||
| 957 | _71 | ||
| 999 |
_a39715 _bsi _g1 _c208540 _d208540 |
||